| 000 | 013200000a22002170004500 | ||
|---|---|---|---|
| 020 | _aISBN 85-7622-030-X : Donación | ||
| 041 | 0 | _aPOR. | |
| 082 | 0 | 4 | _aG 232.8 C1984p |
| 100 | 1 | _aCampos, Heber Carlos de | |
| 245 | 1 | 0 | _aA Pessoa de Cristo : a duas naturezas do Redentor / Heber Carlos de Campos |
| 260 | _aSão Paulo : Cultura Crista | ||
| 300 | _a544 p. | ||
| 440 | 0 | _aCol. Fé Evangélica | |
| 505 | 0 | 0 | _aEl redentor y un Consejo de redención -- El Redentor y el pacto de redención -- La naturaleza divina y humana del Redentor -- La negación del plan divino del redentor en el Ebionismo (Judeocristianismo) -- Evidencias directas de la escritura sobre la divinidad del Redentor -- Evidencias indirectas de sobre la divinidad del Redentor -- Evidencias (teo)lógicas de la divinidad del Redentor -- La negación de la humanidad del Redentor en el Docetismo -- Elementos de la naturaleza humana del Redentor -- Conceptos del nacimiento del Redentor -- Desarrollo de la naturaleza del Redentor -- Limitaciones del Redentor -- Beneficios del conocimiento de la persona del Redentor |
| 650 | 1 | 4 | _aJESUCRISTO - NATURALEZA \ CRISTOLOGIA \ TEOLOGIA - JESUCRISTO |
| 001 | 17172 | ||
| 942 | _cBK | ||
| 999 |
_c43838 _d43838 |
||
| 336 |
_atexto _btxt _2rdacontent |
||
| 337 |
_2rdamedia _asin mediación _bn |
||
| 338 |
_2rdacarrier _avolumen _bnc |
||